Zimbabwe Country Quiz - Statistics

General Stats
  • This quiz has been taken 5 times
  • The average score is 6 of 15
Answer Stats
Hint Answer % Correct
Independent Since 1980
75%
Number of Presidents 3
75%
Main Export Gold
75%
Former Part of United Kingdom
75%
Main Language Shona
50%
Main Enemy Zambia
50%
Number of Provinces 10
25%
Global Firepower Rating (out of 145) 111
25%
Main Ally China
25%
Main Religion Christianity
25%
Capital Harare
25%
Form of Government Republic
25%
Main Ally Russia
25%
Currency Zimbabwean Dollar
25%
Current President Emmerson Mnangagwa
0%
No matching quizzes found
Score Distribution
Percent of People with Each Score
Percentile by Number Answered
Your Score History
You have not taken this quiz